000 00288nam a22001337a 4500
008 170913b xxu||||| |||| 00| 0 eng d
020 _a9780201172850
041 _aeng
080 _27TH
_a53
100 _a43
101 _aFIZ
245 _aCOLLEGE PHYSICS
_cSEARS,F.W
942 _2udc
_cBK
999 _c27435
_d27435